Normal view MARC view
  • García Iglesias, Carmen,

Entry Nombre Personal

Number of records used in: 4

001 - NUMERO DE CONTROL

  • campo de control: 40178

003 - IDENTIFICADOR DE NUMERO DE CONTROL

  • campo de control: UPN

005 - FECHA Y HORA DE LA ÜLTIMA TRANSACCIÓN

  • campo de control: 20210219194554.0

008 - DATOS DE LONGITUD FIJA

  • campo de control de longitud fija: nabaccnnaabn|||||||||| b |nc|||||d

035 ## - NUMERO DE CONTROL

  • Número de control: UPN11000012285

040 ## - FUENTE DE CATALOGACIÓN

  • Lenguaje de catalogación: SPA
  • Agencia de transcripción: UPN

100 1# - ENCABEZAMIENTO - NOMBRE PERSONAL

  • Nombre personal: García Iglesias, Carmen,
  • Fechas asociadas con el nombre: 1957-

670 ## - FUENTE EN LA QUE SE LOCALIZARON DATOS

  • Cita de la fuente: T
  • Información localizada: http://www.compartelibros.com/autor/carmen-garcia-iglesias/1

680 ## - NOTA PUBLICA DE ACCESO PÚBLICO

  • Frase explicativa de la referencia: España. Lic. en Historia del Arte. Estudió dibujo publicitario en la Escuela de Artes Aplicadas y Oficios Artísticos de Madrid. Desde siempre se ha dedicado a escribir y dibujar. En 2005 le fue concedido el prestigioso premio Apel.les

902 ## - CATALOGADOR

  • Catalogador: EMR/170517